00341nam a2200109Ia 4500008004100000082000800041100001700049245004900066942000600115952009500121999001500216240331s9999 xx 000 0 und d bKAN aKandiah, N.C 0aVaralattuk kalathitku mutpadda payanthamilar cL 001040708LaWERCLbWERCLcSSCd2024-03-31l0o 809 KANp5602r2024-03-31w2024-03-31yL c3676d3676